000 00749nam a2200217Ii 4500
003 JO-AjNU
008 230605s9999||||xx |||||||||||||| ||und||
017 _a2015/8/4112
040 _aJO-AjNU
_bara
_erda
_cJO-AjNU
041 _aara
050 1 4 _aG155.AI S256 2016
100 3 _aسلمان، زيد منير,
_eauthor
_953279
245 0 0 _aأساسيات تنظيم الرحلات السياحية
250 _aط1
264 3 1 _aعمان: زمزم ناشرون وموزعون، 2016
300 _a157ص
_bيشتمل على ببيلوغرافيا من ص (153-157)
336 _atext
_btxt
_2rdacontent
337 _aunmediated
_bn
_2rdamedia
338 _avolume
_bnc
_2rdacarrier
650 4 _aالسياحة - تنظيم وادارة
_953280
999 _aA23652
_c27220
_d27220